Hitközségi elnökválasztás

Eugen Fodor bol zvolený za predsedu židovskej náboženskej obce v Moldave nad Bodvou v októbri 1909. Menoslov ďalších hodnostárov.

Podrobná bibliografia
Médium: Článok
Jazyk:Hungarian
Témy:
Zdroj: 1. Felsőmagyarország : Kassai Napló 1. Roč. 25, č. 229 (06.10.1909) s. 4
LEADER 01002nab#a2200313#ar4500
001 000079937
003 SVKKK
005 20050804xxxxxxx.
008 06 c xo huno
FMT
038 |a SVKKK 
040 |a SVKKK  |b slo  |e AACR2 
041 0 |a hun 
044 |a xo  |c SK 
080 |a 296(Spiš):296.1 
242 1 0 |a Voľba predsedu náboženskej obce 
245 0 0 |a Hitközségi elnökválasztás 
500 |a Ex/M 74 
520 2 |a Eugen Fodor bol zvolený za predsedu židovskej náboženskej obce v Moldave nad Bodvou v októbri 1909. Menoslov ďalších hodnostárov. 
650 0 4 |a židovská náboženská obec, Moldava nad Bodvou - Fodor, Eugen (predseda náboženskej obce) - Moldava nad Bodvou (KS) - október 1909 - správy 
773 0 |t Felsőmagyarország : Kassai Napló  |g Roč. 25, č. 229 (06.10.1909) s. 4 
957 |a Moldava nad Bodvou 
958 |a CI 
958 |a DG 
958 |a SK 
974 |a Ba  |d 20050804 
992 |a RBX 
BAS
998 |a RETRO